Islamic state in Britain (Record no. 137107)

MARC details
000 -LEADER
fixed length control field 00922nam a2200265Ia 4500
003 - CONTROL NUMBER IDENTIFIER
control field OSt
005 - DATE AND TIME OF LATEST TRANSACTION
control field 20220918171001.0
008 - FIXED-LENGTH DATA ELEMENTS--GENERAL INFORMATION
fixed length control field 220917b |||||||| |||| 00| 0 eng d
020 ## - INTERNATIONAL STANDARD BOOK NUMBER
International Standard Book Number 9781108470803 (hbk)
037 ## - SOURCE OF ACQUISITION
Terms of availability Textual
040 ## - CATALOGING SOURCE
Original cataloging agency ARTS
Transcribing agency ARTS
Language of cataloging eng
041 ## - LANGUAGE CODE
Source of code eng
Language code of text/sound track or separate title eng
100 ## - MAIN ENTRY--PERSONAL NAME
Personal name Kenney Michael Au.
9 (RLIN) 32878
245 #0 - TITLE STATEMENT
Title Islamic state in Britain
Remainder of title radicalization and resilience in an activist network
260 ## - PUBLICATION, DISTRIBUTION, ETC.
Place of publication, distribution, etc. Cambridge
Name of publisher, distributor, etc. Cambridge University Press UK
Date of publication, distribution, etc. 2018
300 ## - PHYSICAL DESCRIPTION
Extent xii,287p.
Dimensions cm.
490 ## - SERIES STATEMENT
Series statement Structural analysis in the social science; 47
650 ## - SUBJECT ADDED ENTRY--TOPICAL TERM
Topical term or geographic name entry element GREAT BRITAIN - HISTORY; MUSLIMS
9 (RLIN) 32879
942 ## - ADDED ENTRY ELEMENTS (KOHA)
Classification part Q7.3, Q8
Koha item type Textual
Source of classification or shelving scheme Colon Classification (CC)
Holdings
Withdrawn status Lost status Damaged status Not for loan Home library Current library Date acquired Source of acquisition Total Checkouts Full call number Barcode Date last seen Price effective from Koha item type
        Arts Library Arts Library 2022-09-18 57603, 18/03/2019, Segment Book Distributors   Q7.3 Q8 AL1663949 2022-09-18 2022-09-18 Textual
Copyright @ Delhi University Library System